01750nam a22002297a 4500003001700000005001700017008004100034020001800075040000700093041001200100082001700112100002900129245002400158260003600182300003000218365006200248520099000310650003701300942001201337999001901349952015201368St Aloysius Coll20260120190415.0260120b |||||||| |||| 00| 0 eng d a9781526619761 cAL aEnglish a823.92bSHAD aSamantha Shannon9251765 aDay of fallen night aLondonbBloomsbury Circusc2023 axi,868p.bPBc23.5x15.5cm 2Generala5468b₹719.00c₹d₹899.00e20%f10/01/2026 aTunuva Melim is a sister of the Priory. For fifty years, she has trained to slay wyrms – but none have appeared since the Nameless One, and the younger generation is starting to question the Priory's purpose.To the north, in the Queendom of Inys, Sabran the Ambitious has married the new King of Hróth, narrowly saving both realms from ruin. Their daughter, Glorian, trails in their shadow – exactly where she wants to be The dragons of the East have slept for centuries. Dumai has spent her life in a Seiikinese mountain temple, trying to wake the gods from their long slumber. Now someone from her mother's past is coming to upend her fate. When the Dread mount erupts, bringing with it an age of terror and violence, these women must find the strength to protect humankind from a devastating threat. Intricate and epic, A Day of Fallen Night sweeps readers back to the world of A Priory of the Orange Tree, showing us a course of events that shaped it for generations to come. 2FictionaEnglish Fiction9251766 2ddccBK c240796d240796 00102ddc40708MAENGaSACPGbSACPGd2026-01-14eBiblios Book Pointg719.00l0o823.92 SHADpPG025172r2026-01-20 09:05:37v899.00w0000-00-00yBK